| 000 | 01153nam a22002177a 4500 | ||
|---|---|---|---|
| 999 |
_c58619 _d58619 |
||
| 003 | Ge_BSU | ||
| 005 | 20220615125152.0 | ||
| 008 | 220615s2021 ge ||||| |||| 00| 0 geo d | ||
| 020 | _a9789941495342 | ||
| 041 | _ageo | ||
| 080 | _a339(479.22) კ-33 | ||
| 100 |
_aკაშია, რუსუდან _99742 |
||
| 245 |
_aსავაჭრო-ეკონომიკური ვითარება XVIII ს. საქართველოში / _cრუსუდან კაშია ; რედაქტორი გ. ქობალიანი. |
||
| 264 |
_aქუთაისი : _b აკაკი წერეთლის სახელმწ. უნივერსიტეტის გამომცემლობა, _c2021. |
||
| 300 |
_a214 გვ. ; _b20 სმ. |
||
| 504 | _a ბიბლიოგრაფია: გვ. 206-211. | ||
| 520 | _aრეზიუმე ინგლისურ ენაზე. | ||
| 653 | _aსაქართველოს ვაჭრობის ეკონომიკა. | ||
| 700 |
_aქობალიანი, გ. _eრედაქტორი _914101 |
||
| 942 |
_2udc _cBK |
||